<?xml version="1.0" encoding="UTF-8"?>
<record
    xmlns:xsi="http://www.w3.org/2001/XMLSchema-instance"
    xsi:schemaLocation="http://www.loc.gov/MARC21/slim http://www.loc.gov/standards/marcxml/schema/MARC21slim.xsd"
    xmlns="http://www.loc.gov/MARC21/slim">

  <leader>01110nam a22002417a 4500</leader>
  <datafield tag="999" ind1=" " ind2=" ">
    <subfield code="c">17314</subfield>
    <subfield code="d">17314</subfield>
  </datafield>
  <controlfield tag="005">20181220153105.0</controlfield>
  <datafield tag="010" ind1=" " ind2=" ">
    <subfield code="a">B-281534,  B-256516</subfield>
  </datafield>
  <datafield tag="020" ind1=" " ind2=" ">
    <subfield code="a">8190157809</subfield>
    <subfield code="c">100.00</subfield>
  </datafield>
  <datafield tag="035" ind1=" " ind2=" ">
    <subfield code="a">B-281534, B-256505   B-256514   B-256517</subfield>
  </datafield>
  <datafield tag="035" ind1=" " ind2=" ">
    <subfield code="a"> B-256516</subfield>
  </datafield>
  <datafield tag="037" ind1=" " ind2=" ">
    <subfield code="b">&#x92A;&#x941;.&#x92A;&#x94D;&#x930;.&#x905;.&#x92A;&#x94D;&#x930;./&#x92A;&#x94D;&#x930;&#x915;&#x93E;</subfield>
  </datafield>
  <datafield tag="082" ind1=" " ind2=" ">
    <subfield code="a">&#x915;</subfield>
  </datafield>
  <datafield tag="100" ind1=" " ind2=" ">
    <subfield code="a">&#x938;&#x94D;&#x91F;&#x940;&#x935;&#x947;&#x928;&#x94D;&#x938;&#x928;,&#x906;&#x930;.&#x90F;&#x932;.</subfield>
  </datafield>
  <datafield tag="245" ind1=" " ind2=" ">
    <subfield code="a">&#x921;&#x949;&#x915;&#x94D;&#x91F;&#x930; &#x91C;&#x947;&#x915;&#x93F;&#x932; &#x914;&#x930; &#x92E;&#x93F;&#x938;&#x94D;&#x91F;&#x930; &#x939;&#x93E;&#x907;&#x921; /</subfield>
    <subfield code="c">&#x906;&#x930;.&#x90F;&#x932;.&#x938;&#x94D;&#x91F;&#x940;&#x935;&#x947;&#x928;&#x94D;&#x938;&#x928;</subfield>
  </datafield>
  <datafield tag="246" ind1=" " ind2=" ">
    <subfield code="a"> </subfield>
    <subfield code="b"> </subfield>
  </datafield>
  <datafield tag="260" ind1=" " ind2=" ">
    <subfield code="a">&#x926;&#x93F;&#x932;&#x94D;&#x932;&#x940;</subfield>
    <subfield code="b">&#x917;&#x94D;&#x930;&#x93E;&#x92E;&#x94B;&#x926;&#x92F; &#x92A;&#x94D;&#x930;&#x915;&#x93E;&#x936;&#x928;</subfield>
    <subfield code="c">2007</subfield>
    <subfield code="c">2004</subfield>
  </datafield>
  <datafield tag="270" ind1=" " ind2=" ">
    <subfield code="a">511/2, &#x92A;&#x93E;&#x902;&#x921;&#x935; &#x930;&#x94B;&#x921;, &#x935;&#x93F;&#x936;&#x94D;&#x935;&#x93E;&#x938; &#x928;&#x917;&#x930;</subfield>
    <subfield code="b">&#x926;&#x93F;&#x932;&#x94D;&#x932;&#x940;</subfield>
    <subfield code="e">110032</subfield>
  </datafield>
  <datafield tag="300" ind1=" " ind2=" ">
    <subfield code="a">91&#x92A;&#x943;</subfield>
    <subfield code="c">22&#x938;&#x947;&#x92E;&#x940;(&#x938;&#x91C;&#x93F;&#x932;&#x94D;&#x926;)</subfield>
    <subfield code="b">&#x938;&#x91A;&#x93F;&#x924;&#x94D;&#x930;</subfield>
  </datafield>
  <datafield tag="490" ind1=" " ind2=" ">
    <subfield code="a">&#x932;&#x94B;&#x915;&#x92A;&#x94D;&#x930;&#x93F;&#x92F; &#x935;&#x93F;&#x91C;&#x94D;&#x91E;&#x93E;&#x928; &#x92E;&#x93E;&#x932;&#x93E;</subfield>
  </datafield>
  <datafield tag="650" ind1=" " ind2=" ">
    <subfield code="a">Zoology</subfield>
  </datafield>
  <datafield tag="942" ind1=" " ind2=" ">
    <subfield code="c">HN</subfield>
    <subfield code="2">ddc</subfield>
    <subfield code="h">&#x915;</subfield>
    <subfield code="m">&#x938;&#x94D;&#x91F;&#x940;&#x935;&#x947;&#x928;&#x94D;&#x938;</subfield>
    <subfield code="e">2004</subfield>
  </datafield>
  <datafield tag="952" ind1=" " ind2=" ">
    <subfield code="0">0</subfield>
    <subfield code="1">0</subfield>
    <subfield code="2">ddc</subfield>
    <subfield code="4">0</subfield>
    <subfield code="7">0</subfield>
    <subfield code="8">FIC</subfield>
    <subfield code="a">VP</subfield>
    <subfield code="b">VP</subfield>
    <subfield code="d">2008-10-30</subfield>
    <subfield code="g">100.00</subfield>
    <subfield code="l">17</subfield>
    <subfield code="o">&#x915; &#x938;&#x94D;&#x91F;&#x940;&#x935;&#x947;&#x928;&#x94D;&#x938;</subfield>
    <subfield code="p">B-281534</subfield>
    <subfield code="r">2014-06-05 00:00:00</subfield>
    <subfield code="s">2014-05-22</subfield>
    <subfield code="t">1</subfield>
    <subfield code="v">100.00</subfield>
    <subfield code="w">2008-10-30</subfield>
    <subfield code="y">CH</subfield>
  </datafield>
  <datafield tag="952" ind1=" " ind2=" ">
    <subfield code="0">0</subfield>
    <subfield code="1">0</subfield>
    <subfield code="2">ddc</subfield>
    <subfield code="4">0</subfield>
    <subfield code="7">0</subfield>
    <subfield code="8">FIC</subfield>
    <subfield code="a">BL4</subfield>
    <subfield code="b">BL4</subfield>
    <subfield code="d">2018-07-05</subfield>
    <subfield code="e">BPPD/PUB</subfield>
    <subfield code="g">100.00</subfield>
    <subfield code="l">0</subfield>
    <subfield code="o">&#x915; &#x938;&#x94D;&#x91F;&#x940;&#x935;&#x947;&#x928;&#x94D;&#x938;</subfield>
    <subfield code="p">B-256505</subfield>
    <subfield code="r">2018-07-05 00:00:00</subfield>
    <subfield code="v">100.00</subfield>
    <subfield code="w">2018-07-05</subfield>
    <subfield code="y">HN</subfield>
  </datafield>
  <datafield tag="952" ind1=" " ind2=" ">
    <subfield code="0">0</subfield>
    <subfield code="1">0</subfield>
    <subfield code="2">ddc</subfield>
    <subfield code="4">0</subfield>
    <subfield code="7">0</subfield>
    <subfield code="a">ZLS</subfield>
    <subfield code="b">ZLS</subfield>
    <subfield code="d">2018-07-25</subfield>
    <subfield code="l">1</subfield>
    <subfield code="o">&#x915; &#x938;&#x94D;&#x91F;&#x940;&#x935;&#x947;&#x928;&#x94D;&#x938;</subfield>
    <subfield code="p">B-256518</subfield>
    <subfield code="r">2022-05-20 00:00:00</subfield>
    <subfield code="s">2022-05-06</subfield>
    <subfield code="w">2018-07-25</subfield>
    <subfield code="y">HN</subfield>
  </datafield>
  <datafield tag="952" ind1=" " ind2=" ">
    <subfield code="0">0</subfield>
    <subfield code="1">0</subfield>
    <subfield code="4">0</subfield>
    <subfield code="7">0</subfield>
    <subfield code="8">FIC</subfield>
    <subfield code="a">RC</subfield>
    <subfield code="b">RC</subfield>
    <subfield code="d">2018-11-14</subfield>
    <subfield code="g">100.00</subfield>
    <subfield code="l">1</subfield>
    <subfield code="o">&#x915; &#x938;&#x94D;&#x91F;&#x940;&#x935;&#x947;&#x928;&#x94D;&#x938;</subfield>
    <subfield code="p">B-256514</subfield>
    <subfield code="r">2020-03-19 00:00:00</subfield>
    <subfield code="s">2020-03-04</subfield>
    <subfield code="v">100.00</subfield>
    <subfield code="y">CH</subfield>
  </datafield>
  <datafield tag="952" ind1=" " ind2=" ">
    <subfield code="0">0</subfield>
    <subfield code="1">0</subfield>
    <subfield code="4">0</subfield>
    <subfield code="7">0</subfield>
    <subfield code="8">FIC</subfield>
    <subfield code="a">RC</subfield>
    <subfield code="b">RC</subfield>
    <subfield code="d">2018-11-14</subfield>
    <subfield code="g">100.00</subfield>
    <subfield code="l">0</subfield>
    <subfield code="o">&#x915; &#x938;&#x94D;&#x91F;&#x940;&#x935;&#x947;&#x928;&#x94D;&#x938;</subfield>
    <subfield code="p">B-256517</subfield>
    <subfield code="r">2018-11-14 00:00:00</subfield>
    <subfield code="v">100.00</subfield>
    <subfield code="w">2018-11-14</subfield>
    <subfield code="y">CH</subfield>
  </datafield>
  <datafield tag="952" ind1=" " ind2=" ">
    <subfield code="0">0</subfield>
    <subfield code="1">0</subfield>
    <subfield code="4">0</subfield>
    <subfield code="7">0</subfield>
    <subfield code="8">FIC</subfield>
    <subfield code="a">RC</subfield>
    <subfield code="b">RC</subfield>
    <subfield code="d">2018-12-20</subfield>
    <subfield code="g">100.00</subfield>
    <subfield code="l">0</subfield>
    <subfield code="o">&#x909; &#x938;&#x94D;&#x91F;&#x940;&#x935;&#x947;&#x928;&#x93E;</subfield>
    <subfield code="p"> B-256516</subfield>
    <subfield code="r">2018-12-20 00:00:00</subfield>
    <subfield code="t">1.</subfield>
    <subfield code="v">100.00</subfield>
    <subfield code="w">2018-12-20</subfield>
    <subfield code="y">HN</subfield>
  </datafield>
</record>
